01303nam a22003017a 4500003000400000005001700004008002900021020001800050040002500068082002600093245005500119250001300174260004900187300004500236500007400281504003000355590002800385650001700413650002900430650002400459650003100483910003700514942001400551952013700565952014100702952014100843999001700984OSt20260114121206.0210310b 2020 abc 00| 0 spa d a9789945926408 aDO-SdBNPbspacBNPHU 4a170bM294e, 202022200aManual de ética, moral, cívica y algo más... a2a. ed.  aSanto Domingo :bDefensor del Pueblo,c2020. a96 p. : bil., mapas, retrs. ; c22 cm.  aIncluye referencias bibliográficas y notas al pie de las páginas. aBibliografía : p. 95-96 aInventariado, 2021 / DG 0aÉtica95094 aConducta (Ética)93218 0aDerecho civil95702 0aEducación cívica91206 aValidado. Control de calidad MFF 2ddccLBS1 00102ddc51718MOaBNPHUbPDcHDd2021-01-10eDeposito Legall0oBNPHU PD 170 M294e 2020p2021-0730r2021-03-10w2021-03-10yLBS1 00102ddc51728MOaBNPHUbPDcHDd2021-01-10eDeposito Legall0oBNPHU PD 170 M294e 2020p2021-0731r2021-03-10te.2w2021-03-10yLBS1 00102ddc56708MOaBNPHUbGRcHDd2021-01-10eDeposito Legall0oBNPHU DS 170 M294e 2020p2021-0732r2021-03-10te.3w2021-03-10yLBS1 c49530d49530